Normal view
MARC view
- Tağıyev, Әlihüseynli Sabir
Entry Personal Name
001 - CONTROL NUMBER
- control field: 142796
003 - CONTROL NUMBER IDENTIFIER
- control field: TR-AnTOB
005 - DATE AND TIME OF LATEST TRANSACTION
- control field: 20230811110347.0
008 - FIXED-LENGTH DATA ELEMENTS
- fixed length control field: 230811n|eazannaab| |n aaa d
040 ## - CATALOGING SOURCE
- Original cataloging agency: TR-AnTOB
100 1# - HEADING--PERSONAL NAME
- Personal name: Tağıyev, Әlihüseynli Sabir
400 1# - SEE FROM TRACING--PERSONAL NAME
- Personal name: Tağıyev, Alıhüseynlı Sabır
400 1# - SEE FROM TRACING--PERSONAL NAME
- Personal name: алигусейнли саъиг тагиев
400 1# - SEE FROM TRACING--PERSONAL NAME
- Personal name: Taghiyev, Alihuseynly Sabir



